Technical Communication : (Record no. 787)

000 -LEADER
fixed length control field 00850nam a2200265 a 4500
008 - FIXED-LENGTH DATA ELEMENTS--GENERAL INFORMATION
fixed length control field 191030r20112012ii a|||g |||| 00| 0 eng d
020 ## - INTERNATIONAL STANDARD BOOK NUMBER
International Standard Book Number 9780198065296
Terms of availability Rs. 285.00
040 ## - CATALOGING SOURCE
Original cataloging agency IMU Kochi Library
Language of cataloging eng
041 0# - LANGUAGE CODE
Language code of text/sound track or separate title eng
044 ## - COUNTRY OF PUBLISHING/PRODUCING ENTITY CODE
MARC country code India
082 04 - DEWEY DECIMAL CLASSIFICATION NUMBER
Edition number 23
Classification number 428.002462
Item number R1414
100 1# - MAIN ENTRY--PERSONAL NAME
Personal name Raman, Meenakshi
245 10 - TITLE STATEMENT
Title Technical Communication :
Sub Title Principles and Practice /
250 ## - EDITION STATEMENT
Edition statement 2nd ed.
260 ## - PUBLICATION, DISTRIBUTION, ETC. (IMPRINT)
Place of publication, distribution, etc New Delhi :
Name of publisher, distributor, etc Oxford University Press ,
Date of publication, distribution, etc 2011, reprinted 2012
300 ## - PHYSICAL DESCRIPTION
Extent xvii, 666 p. :
Other physical details ill. ;
Dimensions 24 cm +
Accompanying material 1 CD-ROM
504 ## - BIBLIOGRAPHY, ETC. NOTE
Bibliography, etc Includes Index.
650 #0 - SUBJECT ADDED ENTRY--TOPICAL TERM
Topical term or geographic name as entry element English language
General subdivision Technical English
Form subdivision Textbooks
650 #0 - SUBJECT ADDED ENTRY--TOPICAL TERM
Topical term or geographic name as entry element Technical writing
Form subdivision Textbooks
650 #0 - SUBJECT ADDED ENTRY--TOPICAL TERM
Topical term or geographic name as entry element Communication of technical information
Form subdivision Textbooks
700 ## - ADDED ENTRY--PERSONAL NAME
Personal name Sharma, Sangeeta
Relator term Joint Author
852 ## - LOCATION/CALL NUMBER
Location IMU Kochi Library
904 ## - LOCAL DATA ELEMENT D, LDD (RLIN)
CATALOGER Akhil Bose
942 ## - ADDED ENTRY ELEMENTS (KOHA)
Item type Books
Holdings
Withdrawn status Lost status Source of classification or shelving scheme Damaged status Not for loan Collection code Permanent location Current location Shelving location Date acquired Source of acquisition Cost, normal purchase price Full call number Barcode Date last seen Koha item type Public note
          English IMU Kochi Library IMU Kochi Library General Stacks 2012-11-12 M/s World Book Service (Inv. No. 622 dt. 2012-11-05) 285.00 428.002462 R1414 BK002137 2019-10-30 Books Gen. Shelf-7, Row-3
          English IMU Kochi Library IMU Kochi Library General Stacks 2012-11-12 M/s World Book Service (Inv. No. 622 dt. 2012-11-05) 285.00 428.002462 R1414 BK002138 2019-10-30 Books Gen. Shelf-7, Row-3
          English IMU Kochi Library IMU Kochi Library Staff Office 2012-11-12 Accompanying Material (free with textbook)   428.002462 R1414 CD 002137CD 2020-09-14 Compact Disc Circulation Sec, Drawer No.4
          English IMU Kochi Library IMU Kochi Library Staff Office 2012-11-12 Accompanying Material (free with textbook)   428.002462 R1414 CD 002138CD 2020-09-14 Compact Disc Circulation Sec, Drawer No.4


Copyright © All Rights Reserved by Indian Maritime University, Kochi Campus.
For any Suggestions/Query Contact to library or Email: library.kochi@imu.ac.in Ph:(0484)-2989402
(Web OPAC Designed by Rudra Ranjan. Maintained by IMU Kochi Library)

Powered by Koha